000 00320nam a22001337a 4500
008 181017b xxu||||| |||| 00| 0 eng d
020 _a9781119234395
041 _aeng
080 _25 ed
_a621
100 _a27
101 _aENG
245 _aFundamentals Science And Engineering
_cWilliam.D.C
942 _2udc
_cBK
999 _c49976
_d49976